| 000 | 00680nam a2200205Ia 4500 | ||
|---|---|---|---|
| 005 | 20220712150329.0 | ||
| 008 | 210716s9999 xx 000 0 und d | ||
| 040 | _cAIMIT LIBRARY | ||
| 041 | _aeng | ||
| 082 |
_a003.54 _21 _bMURC |
||
| 100 |
_aMurthy C S V. _948401 |
||
| 245 |
_aInformation systems theory and applications / _bBy CSV Murthy ... [et.al.] |
||
| 250 | _a1 | ||
| 260 |
_aNew Delhi : _bHimalaya Publishing House , _c1999. |
||
| 300 |
_a273p. ; _c24.5 cm. |
||
| 650 |
_aInformation systems concepts _948402 |
||
| 650 |
_aManagement of information systems _948403 |
||
| 650 |
_aPlanning and development of information system _948404 |
||
| 942 |
_2ddc _cBK _k003.54 MURC |
||
| 999 |
_c184426 _d184426 |
||